Normal view
MARC view
Entry Personal Name
001 - CONTROL NUMBER
- control field: 3786
003 - CONTROL NUMBER IDENTIFIER
- control field: ARRUPE
005 - DATE AND TIME OF LATEST TRANSACTION
- control field: 20131126111630.0
008 - FIXED-LENGTH DATA ELEMENTS
- fixed length control field: 131126|| aca||aabn | a|a d
040 ## - CATALOGING SOURCE
- Original cataloging agency: ARRUPE
- Transcribing agency: ARRUPE
100 ## - HEADING--PERSONAL NAME
- Personal name: Bauby, Jean-Dominique,
- Dates associated with a name: 1952-1997
- General subdivision: Health.
670 ## - SOURCE DATA FOUND
- Source citation: Work cat.: (ARRUPE)0: Bauby, Jean-Dominique, 1952-1997. 3785, The diving bell and the butterfly /, 1997.